000 00621nam a2200229Ia 4500
003 OSt
005 20220918222034.0
006 a|||||r|||| 00| 0
007 ta
008 220917b |||||||| |||| 00| 0 eng d
024 _a215,490
037 _cTextual
040 _aARTS
_cARTS
_beng
041 _2eng
_aeng
082 _aR325, P0
100 _aCortens Andrew Joseph
_9142056
245 0 _aGlobal anti-realism
_b a metaphilosophical inquiry
260 _aUSA
_bWestview Press
_c2000
300 _ax, 174p
_ccm.
942 _hR325, P0
_cTEXL
_2CC
999 _c274390
_d274390